00705cam a2200205 a 450000100100000000500170001000800410002703500190006804000240008708200190011110000390013024500440016926000350021330000250024860000460027391000340031904900090035395201220036299900150048400000908620200929161502.0840418s1940 ag 000 0 spa  a(DLC) 41020867 aDO-SdBNPcCarPdDLC a923.582bS196R1 aRojas, Ricardo,d1882-1957.92373513aEl santo de la espada /cRicardo Rojas. aBuenos Aires :bLosada,c1940. a[1], 526 p ;c20 cm.10aSAN MARTÍN, JOSÉ DE,d1778-185097595 aCatalogación por copia / LC aBNGR 001052708MOaGRbGRcCTd2009-09-25iLF1l0o923.582 S196Rp9086-10r2020-06-25w2020-06-25y2ZPréstamo interno c8850d8850